| 000 | 00565nam a22001937a 4500 | ||
|---|---|---|---|
| 003 | IT-MiCISF | ||
| 005 | 20251120121946.0 | ||
| 008 | 230329b |||||||| |||| 00| 0 eng d | ||
| 040 | _cIT-MiCISF | ||
| 041 | _ait | ||
| 100 |
_aBordignon Adriano _959847 |
||
| 245 | _aFamiglia e Secondo Welfare | ||
| 260 |
_aRoma, _bPontificio Istituto teologico Giovanni Paolo II, _c2019 |
||
| 300 | _app. 63 | ||
| 500 | _apolitica-familiare, cambiamento, economia, lavoro, famiglia | ||
| 650 |
_aPolitica-familiare _959848 |
||
| 654 | _aTesi di laurea | ||
| 942 |
_2ddc _cBK |
||
| 999 |
_c359657 _d359657 |
||